Risultati elezioni politiche 2018 - Statistics

Statistiche generali
  • Questo quiz è stato fatto 169 volte
  • Il punteggio medio è 11 su 26
Statistiche sulle risposte
Blocco Seggi Partito % Corretto
Camera 124 Lega
99%
Camera 227 Movimento 5 Stelle
99%
Camera 106 Forza Italia
97%
Camera 112 Partito Democratico
97%
Camera 31 Fratelli d'Italia
94%
Camera 14 Liberi e Uguali
76%
Senato 58 Forza Italia
73%
Senato 58 Lega
73%
Senato 112 Movimento 5 Stelle
73%
Senato 16 Fratelli d'Italia
72%
Senato 54 Partito Democratico
72%
Senato 4 Liberi e Uguali
47%
Camera 4 Noi con l'Italia - UDC
28%
Senato 5 Noi con l'Italia - UDC
26%
Camera 4 SVP - PATT
17%
Senato 3 SVP - PATT
17%
Camera 2 +Europa
15%
Senato 1 +Europa
13%
Camera 1 MAIE
8%
Senato 1 MAIE
8%
Camera 2 Civica Popolare
7%
Senato 1 Civica Popolare
3%
Camera 1 Italia Europa Insieme
2%
Camera 1 USEI
2%
Senato 1 USEI
2%
Senato 1 Italia Europa Insieme
1%
Nessun quiz corrispondente trovato
Distribuzione punteggi
Percentuale di utenti per punteggio
Percentile per numero di risposta
I tuoi punteggi nel tempo
Non hai fatto questo quiz